Biblioteka Instytutu Północnego w Olsztynie

Widok standardowy Widok MARC

Pozycja Uniform Title

Liczba rekordów, w których użyto hasła: 1

001 - Numer kontrolny

  • control field: 39577

003 - Identyfikator numeru kontrolnego

  • control field: NUKAT

005 - Data i czas ostatniej modyfikacji

  • control field: 20260407193529.0

008 - Dane kontrolne kodowane (40 znaków)

  • fixed length control field: 060612 ||a|znnbabn |a ana |c

010 ## - Numer kontrolny Biblioteki Kongresu

  • numer kontrolny LC: s 2006212263

040 ## - Instytucja sporządzająca rekord

  • inst. przygot. dane do rek. khw: KR U/AB
  • język haseł przedmiotowych/tezaurus: kaba
  • inst. wprow. rek. khw: KR U/AB

083 #4 - DEWEY DECIMAL CLASSIFICATION NUMBER

  • pojed. symbol lub pocz. z zakr. symboli: 020
  • określenie wyjaśniające: Nauki o informacji. Bibliologia

130 #0 - Hasło - tytuł

  • tytuł: Robotnik (czasopismo ; Polska ; 1894-1939).

670 ## - Źródło informacji

  • źródło informacji: kp. Ideowe i literackie wybory "Robotnika" w latach 1918-1939 / Oskar S. Czarnik. - Warszawa, 1996.
Biblioteka Instytutu Północnego, ul. Partyzantów 87, 10-402 Olsztyn, email: biblioteka(at)ip.olsztyn.pl